00378nam a22001457a 450000500170000001000130001702000260003003500130005603700180006908200090008710000180009624500610011426000350017530000220021020181204165027.0 aB-713030 a9789351381907c350.00 aB-713030 bTrinity Press a943  aMahajan, Sneh aIssues in Twentieth-Century world history/cSneh Mahajan aNew DelhibTrinity Pressc2017 a365p.c25 cm(Pbk)